000
00339nam a2200133Ia 4500
008
151001s9999||||xx |||||||||||||| ||und||
100
_a
मंगला चौहान
245
_a
आखिरी मंजिल
250
_a
1
260
_b
किरण प्रकाशन
260
_c
2012
300
_a
103
365
_b
21
999
_c
1000748
_d
1000745